书目信息 |
| 题名: |
陆地生态系统生物观测规范
|
|
| 作者: | ;中国生态系统研究网络科学委员会 编 | |
| 分册: | ||
| 出版信息: | 北京 中国环境科学出版社 2007.06 |
|
| 页数: | 15, 352页 | |
| 开本: | 23cm | |
| 丛书名: | 《中国生态系统研究网络(CERN)长期观测规范》丛书 | |
| 单 册: | ||
| 中图分类: | P91-65 | |
| 科图分类: | ||
| 主题词: | 陆地--lu di--生态系统--观测--规范 | |
| 电子资源: | ||
| ISBN: | 978-7-80209-368-3 | |
| 000 | 01364nam 2200289 450 | |
| 001 | 012008816368 | |
| 005 | 20080515171933.62 | |
| 010 | @a978-7-80209-368-3@dCNY48.00 | |
| 100 | @a20080515d2007 em y0chiy0120 ea | |
| 101 | 0 | @achi |
| 102 | @aCN@b110000 | |
| 105 | @ay z 001yy | |
| 106 | @ar | |
| 200 | 1 | @a陆地生态系统生物观测规范@Alu di sheng tai xi tong sheng wu guan ce gui fan@f中国生态系统研究网络科学委员会@Fzhong guo sheng tai xi tong yan jiu wang luo ke xue wei yuan hui |
| 210 | @a北京@c中国环境科学出版社@d2007.06 | |
| 215 | @a15, 352页@d23cm | |
| 225 | 0 | @a《中国生态系统研究网络(CERN)长期观测规范》丛书@A《zhong guo sheng tai xi tong yan jiu wang luo(CERN)chang qi guan ce gui fan》cong shu |
| 312 | @a英文并列题名取自封面 | |
| 320 | @a有索引 | |
| 330 | @a本书是为CERN各陆地生态站进行生物长期观测制定的操作规范和方法,用于指导CERN生态站的生物观测样地设置、生物野外观测和采样、生物观测数据记录与整理等。 | |
| 410 | 0 | @12001 @a中国生态系统研究网络(CERN)长期观测规范丛书 |
| 510 | 1 | @aProtocols for standard biological observation and measurement in terrestrial ecosystems@zeng |
| 606 | 0 | @a陆地@Alu di@x生态系统@x观测@x规范 |
| 690 | @aP91-65@v4 | |
| 711 | 02 | @a中国生态系统研究网络科学委员会@Azhong guo sheng tai xi tong yan jiu wang luo ke xue wei yuan hui@4编 |
| 801 | 0 | @aCN@bQSSK@c20080515 |
| 905 | @b712221-22@dP91-65@eZ640@f2 | |
| 陆地生态系统生物观测规范/中国生态系统研究网络科学委员会.-北京:中国环境科学出版社,2007.06 |
| 15, 352页;23cm.-(《中国生态系统研究网络(CERN)长期观测规范》丛书) |
| ISBN 978-7-80209-368-3:CNY48.00 |
| 本书是为CERN各陆地生态站进行生物长期观测制定的操作规范和方法,用于指导CERN生态站的生物观测样地设置、生物野外观测和采样、生物观测数据记录与整理等。 |
| ● |
| 相关链接 |
|
|
|
正题名:陆地生态系统生物观测规范
索取号:P91-65/Z640
 
预约/预借
| 序号 | 登录号 | 条形码 | 馆藏地/架位号 | 状态 | 备注 |
| 1 | 712221 | 207122219 | 测绘与城市空间信息学院资料室/ [索取号:P91-65/Z640] | 在馆 | |
| 2 | 712222 | 207122228 | 自科库401/401自科库 135排1列3层/ [索取号:P91-65/Z640] | 在馆 |